OPAC Home

ශ්‍රි ලංකාවේ නීති පුද්ගලයා පිළිබඳව (Record no. 118477)

MARC details
000 -LEADER
fixed length control field 00557nam a2200181Ia 4500
003 - CONTROL NUMBER IDENTIFIER
control field LK-CoDNM
008 - FIXED-LENGTH DATA ELEMENTS--GENERAL INFORMATION
fixed length control field 010623t1997 xxu||||| |||| 00| 1 sin d
040 ## - CATALOGING SOURCE
Original cataloging agency LK-CoDNM
Modifying agency LK-CoDNM
Description conventions LK-CoDNM
041 ## - LANGUAGE CODE
Language code of text/sound track or separate title Sinhala; Sinhalese
080 ## - UNIVERSAL DECIMAL CLASSIFICATION NUMBER
Universal Decimal Classification number (x)342 DLW
942 ## - ADDED ENTRY ELEMENTS (KOHA)
Koha item type Books
100 ## - MAIN ENTRY--PERSONAL NAME
Personal name Daluwatte,Chandrasena
245 ## - TITLE STATEMENT
Title ශ්‍රි ලංකාවේ නීති පුද්ගලයා පිළිබඳව
246 ## - VARYING FORM OF TITLE
Title proper/short title Sri Lankawe Neethi : Pudgalaya Pilibandawa
260 ## - PUBLICATION, DISTRIBUTION, ETC. (IMPRINT)
Name of publisher, distributor, etc. S.Godage Saha Sahodarayo
Place of publication, distribution, etc. Colombo
Date of publication, distribution, etc. 1997
300 ## - PHYSICAL DESCRIPTION
Other physical details p.276, 21 cm
650 ## - SUBJECT ADDED ENTRY--TOPICAL TERM
Topical term or geographic name as entry element Law
Holdings
Withdrawn status Lost status Damaged status Not for loan Collection code Permanent Location Current Location Date acquired Full call number Barcode Koha item type
        Monographs Library National Museum Colombo - Sri Lanka Library National Museum Colombo - Sri Lanka 2023-08-02 (x)342 DLW 99-136224 Books
Copyright © 2023 Department of National Museum, Colombo 07, Sri Lanka Funded by UNESCO IFAP UNESCO